| 000 | 00819nam a2200229 a 4500 | ||
|---|---|---|---|
| 001 | BRCA_8453 | ||
| 005 | 20190320210304.0 | ||
| 008 | 021215s1974----xo-#######---#000-0#slo-# | ||
| 041 | _aslo | ||
| 044 | _axo | ||
| 050 | 4 |
_aPQ6323 _b.C47 1974 |
|
| 100 | 1 |
_aCervantes Saavedra, Miguel de _d1547-1616 _9213 |
|
| 245 | 1 | 0 |
_aDon Quijote a Sancho Panza _cMiguel de Cervantes Saavedra. |
| 260 |
_aBratislava, Eslovaquia _bÈítanie Študujúcej Mládeže _c1974 |
||
| 300 |
_a446 p. _c18 cm. |
||
| 500 | _aLibro donado por la Embajada de Eslovaquia, 23-XII-1993 | ||
| 501 | _aCon: 1. Capítulos seleccionados de Don Quijote. 2. Tres vistas previas de las novelas ejemplares | ||
| 546 | _aTexto en : eslovaco | ||
| 600 | 1 | 4 |
_aCervantes Saavedra, Miguel de _d1547-1616 _tDon Quijote _921173 |
| 902 | _aCERV | ||
| 942 |
_2lcc _cB |
||
| 999 |
_c8120 _d8120 |
||